Détours en France [ 271 ]
<< Retourner aux résultats de la recherche
| Titre : | Détours en France [ 271 ] |
|---|---|
| Support : | Livres |
| Langue : | Francais |
| Publié : |
Uni-médias |
| Genre : |
Revues et magazines |
| Sujets : | |
| Étiquettes : |
Pas de tags
|
| LEADER | 00668nas0a2200217 450 | ||
|---|---|---|---|
| 001 | 16868201 | ||
| 011 | |b Br. |d 6,7 | ||
| 100 | |a 20260407d2026 u u0frey01 ba | ||
| 101 | 0 | |a fre | |
| 102 | |a FR | ||
| 110 | 0 | |a auu 0uu0 | |
| 200 | 0 | |a Détours en France [ 271 ] |f Dominique Roger | |
| 207 | 1 | |a 271 | |
| 210 | |c Uni-médias | ||
| 464 | |a Charentes et Poitou, le souffle de l'évasion | ||
| 464 | |a Marais poitevin, le bayou français | ||
| 464 | |a Cordouan, dernier phare habité de France | ||
| 676 | |a 070.17 | ||
| 900 | |a Revues et magazines | ||
| 901 | |a Adultes | ||
| 995 | |a Médiathèque |c Médiathèque |f 089021828 |h 089021828 |k 070.17 DET 271 |o p |q a |r az |e Médiathèque | ||